[Event "Las Vegas National op"]
[Site "Las Vegas"]
[Date "2025.06.08"]
[Round "8"]
[White "Kostolansky, Sebastian Lukas"]
[Black "Abrahamyan, Tatev"]
[Result "1-0"]
[WhiteElo "2415"]
[BlackElo "2324"]
[PlyCount "97"]
[EventDate "2025.06.04"]
[EventType "swiss"]
[EventRounds "9"]
[EventCountry "USA"]
[SourceTitle "CB24_2025"]
[SourceDate "2025.06.11"]
[SourceVersion "1"]
[SourceVersionDate "2025.06.11"]
[SourceQuality "1"]

1. e4 e6 2. d4 d5 3. Nc3 Nf6 4. Bg5 dxe4 5. Nxe4 Be7 6. Bxf6 gxf6 7. Nf3 a6 8. g3 Nc6 9. Bg2 e5 10. d5 Nb4 11. Nc3 c6 12. dxc6 Nxc6 13. Qxd8+ Bxd8 14. 0-0-0 Be6 15. Ne4 0-0 16. Nc5 Bb6 17. Nd7 Bxd7 18. Rxd7 Bxf2 19. Nh4 Rfd8 20. Rxb7 Na5 21. Rb4 Be3+ 22. Kb1 Rac8 23. Nf5 Bd2 24. Rb6 Rb8 25. Rxb8 Rxb8 26. Bd5 Bc3 27. b3 Nb7 28. Rf1 Nc5 29. Rf3 Bd2 30. Rf2 Bc3 31. Rf3 Bd2 32. Nd6 Nd7 33. Ne4 Bb4 34. Nxf6+ Nxf6 35. Rxf6 Rd8 36. c4 a5 37. Rf5 Bc3 38. Kc2 Bd4 39. Bxf7+ Kg7 40. Bd5 Rd6 41. Kd3 Rh6 42. Rf7+ Kh8 43. h4 Rg6 44. Rf3 Kg7 45. Ke4 Rg4+ 46. Kf5 Rg6 47. g4 Rb6 48. g5 h6 49. Kg4 1-0

[Event "American Cup Elim (Women)"]
[Site "Saint Louis"]
[Date "2025.03.21"]
[Round "4.1"]
[White "Krush, Irina"]
[Black "Abrahamyan, Tatev"]
[Result "0-1"]
[WhiteElo "2378"]
[BlackElo "2310"]
[PlyCount "68"]
[EventDate "2025.03.17"]
[EventType "k.o."]
[EventRounds "4"]
[EventCountry "USA"]
[SourceTitle "CB13_2025"]
[SourceDate "2025.03.26"]
[SourceVersion "1"]
[SourceVersionDate "2025.03.26"]
[SourceQuality "1"]

1. c4 Nf6 2. Nf3 g6 3. Nc3 Bg7 4. e4 d6 5. d4 0-0 6. Be2 Na6 7. 0-0 e5 8. Be3 Qe7 9. d5 Ng4 10. Bg5 f6 11. Bh4 g5 12. Bg3 f5 13. exf5 Bxf5 14. h3 Nh6 15. Rc1 Bg6 16. Re1 Rae8 17. a3 Qf6 18. Bd3 Bxd3 19. Qxd3 Nc5 20. Qc2 Nf5 21. Ne4 Nxe4 22. Qxe4 Qg6 23. Bh2 h5 24. Nd2 g4 25. hxg4 hxg4 26. Nf1 Qg5 27. Ng3 Nd4 28. Qe3 Qh4 29. Rc3 Rf6 30. Nf1 Rh6 31. Qe4 Rf8 32. Rg3 Rf4 33. Qd3 Nf5 34. Re2 Nxg3 0-1

[Event "American Cup Champ (Women)"]
[Site "Saint Louis"]
[Date "2025.03.17"]
[Round "1.2"]
[White "Abrahamyan, Tatev"]
[Black "Zatonskih, Anna"]
[Result "1-0"]
[WhiteElo "2310"]
[BlackElo "2315"]
[PlyCount "69"]
[EventDate "2025.03.15"]
[EventType "k.o."]
[EventRounds "4"]
[EventCountry "USA"]
[SourceTitle "CB13_2025"]
[SourceDate "2025.03.26"]
[SourceVersion "1"]
[SourceVersionDate "2025.03.26"]
[SourceQuality "1"]

1. e4 e6 2. b3 d5 3. Bb2 Nc6 4. e5 d4 5. Nf3 Qd5 6. Qe2 a6 7. c4 Qd7 8. Na3 Na7 9. Nc2 c5 10. d3 b6 11. g3 Bb7 12. Bg2 Ne7 13. b4 Nec6 14. bxc5 bxc5 15. Rb1 Be7 16. 0-0 0-0 17. Na1 Rab8 18. Nb3 Qc7 19. Bc1 Ba8 20. Bf4 Na5 21. Nbd2 Rxb1 22. Rxb1 Rb8 23. Rxb8+ Qxb8 24. Ng5 Bxg2 25. Kxg2 N5c6 26. Nde4 h6 27. Nf3 Nc8 28. h4 Bf8 29. Bxh6 f5 30. exf6 gxh6 31. Neg5 e5 32. Qe4 hxg5 33. Qg6+ Kh8 34. Nxg5 Qb7 35. Nf7+ 1-0

[Event "Wch Blitz (Women)"]
[Site "New York"]
[Date "2024.12.30"]
[Round "10"]
[White "Abrahamyan, Tatev"]
[Black "Priyanka, Nutakki"]
[Result "1-0"]
[WhiteElo "2304"]
[BlackElo "2296"]
[PlyCount "113"]
[EventDate "2024.12.30"]
[EventType "swiss (blitz)"]
[EventRounds "11"]
[EventCountry "USA"]
[SourceTitle "CB01_2025"]
[SourceDate "2025.01.01"]
[SourceVersion "1"]
[SourceVersionDate "2025.01.01"]
[SourceQuality "1"]

1. e4 e6 2. d4 d5 3. e5 c5 4. c3 Nc6 5. Nf3 Bd7 6. Bd3 Qb6 7. 0-0 cxd4 8. Re1 Nge7 9. h4 Rc8 10. h5 h6 11. a3 dxc3 12. Nxc3 Na5 13. Be3 Qxb2 14. Nb5 Bxb5 15. Rb1 Qxa3 16. Bxb5+ Nac6 17. Nd4 Qa5 18. Ra1 Qc7 19. Rxa7 g6 20. hxg6 fxg6 21. Nxe6 Qb8 22. Qg4 Qxe5 23. Rxb7 h5 24. Qh3 Qf5 25. Qxf5 gxf5 26. Bg5 Rh7 27. Nxf8 Kxf8 28. Bxc6 Rxc6 29. Bxe7+ Kg8 30. Rb8+ Kf7 31. Rf8+ Kg7 32. Rxf5 d4 33. Rd5 Rc4 34. Bd6 Kg6 35. Be5 Re7 36. f4 Rc2 37. Rxd4 Kf5 38. Rd6 Rf7 39. Rh6 Kg4 40. Rg6+ Kf5 41. Rg5+ Ke6 42. Rxh5 Rb7 43. Rh6+ Kf5 44. Rf6+ Kg4 45. Rg6+ Kh5 46. Rg5+ Kh6 47. Bd4 Rc6 48. Re3 Kh7 49. Rh3+ Rh6 50. Rxh6+ Kxh6 51. Kh2 Rd7 52. Be5 Rb7 53. Kh3 Rb3+ 54. g3 Rb7 55. Kh4 Rd7 56. f5 Rb7 57. Rh5# 1-0

[Event "Wch Blitz (Women)"]
[Site "New York"]
[Date "2024.12.30"]
[Round "8"]
[White "Abrahamyan, Tatev"]
[Black "Wu, Rochelle"]
[Result "0-1"]
[WhiteElo "2304"]
[BlackElo "2237"]
[PlyCount "98"]
[EventDate "2024.12.30"]
[EventType "swiss (blitz)"]
[EventRounds "11"]
[EventCountry "USA"]
[SourceTitle "CB01_2025"]
[SourceDate "2025.01.01"]
[SourceVersion "1"]
[SourceVersionDate "2025.01.01"]
[SourceQuality "1"]

1. e4 c5 2. Nf3 d6 3. d4 cxd4 4. Nxd4 Nf6 5. Nc3 Nc6 6. Bc4 e6 7. Be3 Be7 8. Qe2 a6 9. 0-0-0 Nxd4 10. Bxd4 Qa5 11. Bb3 Bd7 12. f4 Bc6 13. g4 e5 14. fxe5 dxe5 15. Bf2 0-0 16. g5 Nd7 17. Nd5 Bxg5+ 18. Kb1 Nc5 19. Rdg1 Nxb3 20. axb3 Qd2 21. Qg4 Bxd5 22. exd5 Bh6 23. Bh4 Rac8 24. Rg2 Qxd5 25. Bf6 g6 26. h4 Rc6 27. Rf1 Rfc8 28. h5 Qe6 29. Qh4 Bg7 30. hxg6 fxg6 31. Rh2 h5 32. Rhf2 Bh6 33. Qg3 Kh7 34. Bxe5 Rg8 35. Rf6 Qd5 36. Rf7+ Bg7 37. Rxb7 Rxc2 38. Rxg7+ Rxg7 39. Bxg7 Qe4 40. Ka2 Kxg7 41. Qg5 Rc6 42. Rf4 Qe6 43. Rd4 Rb6 44. Qg3 Rb5 45. Rd6 Ra5+ 46. Kb1 Qe4+ 47. Kc1 Rc5+ 48. Kd2 Rc2+ 49. Kd1 Qe2# 0-1

[Event "Wch Blitz (Women)"]
[Site "New York"]
[Date "2024.12.30"]
[Round "3"]
[White "Melia, Salome"]
[Black "Abrahamyan, Tatev"]
[Result "1-0"]
[WhiteElo "2293"]
[BlackElo "2304"]
[PlyCount "155"]
[EventDate "2024.12.30"]
[EventType "swiss (blitz)"]
[EventRounds "11"]
[EventCountry "USA"]
[SourceTitle "CB01_2025"]
[SourceDate "2025.01.01"]
[SourceVersion "1"]
[SourceVersionDate "2025.01.01"]
[SourceQuality "1"]

1. e4 e6 2. d4 d5 3. Nd2 Nc6 4. Ngf3 Nf6 5. e5 Nd7 6. Bb5 Be7 7. 0-0 0-0 8. Re1 a6 9. Bf1 a5 10. c3 b6 11. Bd3 Ba6 12. Bb1 Ncb8 13. Nf1 c5 14. Ng3 Nc6 15. Qc2 g6 16. Bh6 Re8 17. a3 Rc8 18. Qd2 a4 19. Qf4 cxd4 20. cxd4 Na5 21. Ng5 Bxg5 22. Bxg5 Qc7 23. Nh5 Nb3 24. Nf6+ Nxf6 25. Bxf6 Qc1 26. Rxc1 Rxc1+ 27. Qxc1 Nxc1 28. Bc2 Nb3 29. Bxb3 axb3 30. Rc1 Bc4 31. Rc3 Rc8 32. f3 Ba6 33. Rxb3 Rc1+ 34. Kf2 Rc6 35. Ke3 Kf8 36. Kd2 Ke8 37. Rc3 Kd7 38. Rxc6 Kxc6 39. Ke3 Bf1 40. g3 Bg2 41. Be7 Kd7 42. Bb4 Kc6 43. Kf4 Kd7 44. Kg4 Ke8 45. f4 h6 46. h3 Be4 47. Kh4 h5 48. g4 hxg4 49. hxg4 Bf3 50. Kg3 Be4 51. Kh4 Bd3 52. Kg5 Be4 53. Kf6 Bd3 54. Bd6 Be2 55. Bc7 b5 56. Kg5 Kd7 57. Bd6 Ke8 58. Kh4 Kd7 59. Kg5 Ke8 60. Kh4 Kd7 61. Kg3 Kc6 62. g5 Bd3 63. Kf2 Bc4 64. Ke3 Bf1 65. Kd2 Kb7 66. Kc3 Kc6 67. Kb4 Kb7 68. Kc5 Kc8 69. Bf8 Kb7 70. Kd6 Bd3 71. Ke7 Bf5 72. Kxf7 Kc6 73. Ke7 Kb6 74. Kd6 Kb7 75. Kc5 Ka6 76. b3 Bc2 77. Kd6 Bf5 78. Be7 1-0

[Event "Wch Blitz (Women)"]
[Site "New York"]
[Date "2024.12.30"]
[Round "11"]
[White "Zhukova, Natalia"]
[Black "Abrahamyan, Tatev"]
[Result "1-0"]
[WhiteElo "2302"]
[BlackElo "2304"]
[PlyCount "111"]
[EventDate "2024.12.30"]
[EventType "swiss (blitz)"]
[EventRounds "11"]
[EventCountry "USA"]
[SourceTitle "CB01_2025"]
[SourceDate "2025.01.01"]
[SourceVersion "1"]
[SourceVersionDate "2025.01.01"]
[SourceQuality "1"]

1. c4 e6 2. Nc3 d5 3. d4 Nf6 4. Nf3 Nbd7 5. Bg5 Be7 6. e3 h6 7. Bh4 0-0 8. Rc1 a6 9. a4 c5 10. cxd5 Nxd5 11. Bxe7 Nxe7 12. dxc5 Nxc5 13. Qxd8 Rxd8 14. b4 Nd3+ 15. Bxd3 Rxd3 16. Ke2 Rd8 17. Ne4 Bd7 18. Nc5 Be8 19. Nxb7 Rdb8 20. Nc5 Rxb4 21. Rb1 a5 22. Nd4 Nd5 23. Rbc1 e5 24. Nf5 g6 25. Nd6 Bxa4 26. Nxa4 Rxa4 27. Rhd1 Ra2+ 28. Kf3 Nf6 29. Rc7 Rf8 30. Ra7 a4 31. h3 Ne8 32. Nc8 Ng7 33. Ne7+ Kh7 34. Nc6 Nf5 35. Nxe5 Kg7 36. Rdd7 a3 37. Rxf7+ Rxf7 38. Rxf7+ Kg8 39. Ra7 Ra1 40. Nxg6 a2 41. Ne5 Nd6 42. Nd3 Nb5 43. Ra8+ Kf7 44. Nb4 Nc3 45. g4 Ke6 46. h4 Kd6 47. g5 hxg5 48. hxg5 Kc5 49. Nxa2 Nxa2 50. g6 Rg1 51. Rxa2 Rxg6 52. Ra5+ Kb6 53. Rd5 Kc6 54. e4 Kc7 55. Ke3 Kc6 56. f4 1-0

[Event "Wch Rapid (Women)"]
[Site "New York"]
[Date "2024.12.27"]
[Round "8"]
[White "Abrahamyan, Tatev"]
[Black "Kurmangaliyeva, Liya"]
[Result "1/2-1/2"]
[WhiteElo "2305"]
[BlackElo "2128"]
[PlyCount "104"]
[EventDate "2024.12.26"]
[EventType "swiss (rapid)"]
[EventRounds "11"]
[EventCountry "USA"]
[SourceTitle "CB01_2025"]
[SourceDate "2025.01.01"]
[SourceVersion "1"]
[SourceVersionDate "2025.01.01"]
[SourceQuality "1"]

1. e4 c5 2. Nf3 Nc6 3. Bb5 e6 4. b3 Nge7 5. Bb2 a6 6. Bxc6 Nxc6 7. e5 b5 8. d3 Bb7 9. Nbd2 Be7 10. Ne4 Qc7 11. Qe2 h6 12. h4 0-0-0 13. 0-0-0 Qa5 14. Kb1 Kb8 15. c4 Ka8 16. cxb5 axb5 17. Rc1 Rc8 18. Nd6 Bxd6 19. exd6 f6 20. a3 Qb6 21. Qe3 Na7 22. b4 Qxd6 23. bxc5 Qd5 24. h5 Nc6 25. Rh4 e5 26. Rg4 Rhg8 27. Nd2 Ba6 28. Ka1 Rb8 29. Qe4 Qe6 30. Rg6 Ka7 31. f4 exf4 32. Qxf4 Qd5 33. Qf3 Qe6 34. Qg4 Qf7 35. Bc3 Rbe8 36. Ne4 Qd5 37. Nd6 Re7 38. Bb2 b4 39. Qf3 Qxf3 40. gxf3 Bxd3 41. Rg3 Re2 42. Bxf6 bxa3 43. Bc3 Rh2 44. f4 Ba6 45. Be1 Nd4 46. Rxa3 Nc2+ 47. Rxc2 Rxc2 48. Bc3 Rb8 49. Bd4 Rc1+ 50. Ka2 Rc2+ 51. Ka1 Rc1+ 52. Ka2 Rc2+ 1/2-1/2

[Event "Wch Rapid (Women)"]
[Site "New York"]
[Date "2024.12.27"]
[Round "6"]
[White "Abrahamyan, Tatev"]
[Black "Uuriintuya, Uurtsaikh"]
[Result "1-0"]
[WhiteElo "2305"]
[BlackElo "2188"]
[PlyCount "55"]
[EventDate "2024.12.26"]
[EventType "swiss (rapid)"]
[EventRounds "11"]
[EventCountry "USA"]
[SourceTitle "CB01_2025"]
[SourceDate "2025.01.01"]
[SourceVersion "1"]
[SourceVersionDate "2025.01.01"]
[SourceQuality "1"]

1. e4 c5 2. Nf3 g6 3. c3 d5 4. e5 Nc6 5. Bb5 Qb6 6. Bxc6+ Qxc6 7. d4 Bg4 8. 0-0 Bg7 9. Nbd2 Nh6 10. h3 Bd7 11. dxc5 Qxc5 12. Nb3 Qc4 13. Bg5 e6 14. Re1 Nf5 15. Qd2 a5 16. Rad1 a4 17. Nc1 h6 18. Bf6 g5 19. b3 axb3 20. axb3 Qf4 21. Qb2 Bb5 22. c4 dxc4 23. Ne2 c3 24. Nxc3 Bc6 25. Qa3 Rc8 26. Ne2 Qe4 27. Ned4 Nxd4 28. Qe7# 1-0

[Event "Wch Rapid (Women)"]
[Site "New York"]
[Date "2024.12.27"]
[Round "5"]
[White "Lei, Tingjie"]
[Black "Abrahamyan, Tatev"]
[Result "1-0"]
[WhiteElo "2518"]
[BlackElo "2305"]
[PlyCount "71"]
[EventDate "2024.12.26"]
[EventType "swiss (rapid)"]
[EventRounds "11"]
[EventCountry "USA"]
[SourceTitle "CB01_2025"]
[SourceDate "2025.01.01"]
[SourceVersion "1"]
[SourceVersionDate "2025.01.01"]
[SourceQuality "1"]

1. e4 e6 2. d4 d5 3. Nc3 Nf6 4. e5 Nfd7 5. f4 c5 6. Nf3 Nc6 7. Ne2 Be7 8. c3 Qa5 9. Be3 cxd4 10. Nexd4 a6 11. Be2 Qc7 12. 0-0 Nc5 13. Rc1 0-0 14. Kh1 b5 15. g4 f6 16. exf6 Rxf6 17. Nxc6 Qxc6 18. Ne5 Qc7 19. Bd4 Bd6 20. g5 Rxf4 21. Rxf4 Bxe5 22. Bxe5 Qxe5 23. Qd4 Qd6 24. Rcf1 Bb7 25. b4 Nd7 26. Rf7 e5 27. Qg4 Bc6 28. Kg1 d4 29. Bf3 e4 30. Bxe4 Ne5 31. Qf4 Bxe4 32. Qxe4 Rd8 33. R7f5 Nc6 34. Rc5 Ne7 35. Re5 Ng6 36. Re8+ 1-0

[Event "Saint Louis Masters op"]
[Site "Saint Louis"]
[Date "2024.12.07"]
[Round "9"]
[White "Abrahamyan, Tatev"]
[Black "Chirila, Ioan Cristian"]
[Result "1/2-1/2"]
[WhiteElo "2304"]
[BlackElo "2530"]
[PlyCount "79"]
[EventDate "2024.12.03"]
[EventType "swiss"]
[EventRounds "9"]
[EventCountry "USA"]
[SourceTitle "CB50_2024"]
[SourceDate "2024.11.01"]
[SourceVersion "1"]
[SourceVersionDate "2024.11.01"]
[SourceQuality "2"]

1. e4 c5 2. Nf3 d6 3. d4 cxd4 4. Nxd4 Nf6 5. Nc3 g6 6. Be3 Nc6 7. f3 h5 8. Bc4 Bd7 9. h3 a6 10. Bb3 Na5 11. Qd3 Bg7 12. 0-0 Qc7 13. f4 Rc8 14. Rad1 b5 15. a3 Nxb3 16. cxb3 0-0 17. f5 Qb7 18. Bg5 Rc5 19. Bxf6 Bxf6 20. Nd5 Kg7 21. Nxf6 exf6 22. Qg3 Re5 23. Nf3 Rxe4 24. fxg6 fxg6 25. Rxd6 Be8 26. Rfd1 Qa7+ 27. Kh1 Qe3 28. Re1 Qf4 29. Qxf4 Rxf4 30. Rxa6 g5 31. Kg1 Bg6 32. Rb6 Rc8 33. Rxb5 Rc2 34. Re7+ Kh6 35. Rb8 Be4 36. Rh8+ Kg6 37. Rg8+ Kh6 38. Rh8+ Kg6 39. Rg8+ Kh6 40. Rh8+ 1/2-1/2

[Event "Saint Louis Masters op"]
[Site "Saint Louis"]
[Date "2024.12.05"]
[Round "5"]
[White "Adewumi, Tanitoluwa"]
[Black "Abrahamyan, Tatev"]
[Result "1-0"]
[WhiteElo "2349"]
[BlackElo "2304"]
[PlyCount "175"]
[EventDate "2024.12.03"]
[EventType "swiss"]
[EventRounds "9"]
[EventCountry "USA"]
[SourceTitle "CB50_2024"]
[SourceDate "2024.11.01"]
[SourceVersion "1"]
[SourceVersionDate "2024.11.01"]
[SourceQuality "2"]

1. d4 Nf6 2. c4 e6 3. Nf3 d5 4. Nc3 Nbd7 5. Bg5 h6 6. Bh4 Be7 7. e3 0-0 8. Bd3 dxc4 9. Bxc4 c5 10. 0-0 a6 11. a4 b6 12. Qb3 Bb7 13. Rfd1 Bxf3 14. gxf3 Nh5 15. Bg3 Nxg3 16. hxg3 cxd4 17. exd4 Qc7 18. Rac1 Nf6 19. Ne4 Qa7 20. Rd3 b5 21. axb5 axb5 22. Bxb5 Rab8 23. Qc4 Qb7 24. Bc6 Qxb2 25. d5 Rb4 26. Qc2 Qxc2 27. Rxc2 Nxd5 28. Bxd5 exd5 29. Rxd5 f5 30. Nd2 Rb7 31. f4 g6 32. Nf3 Kg7 33. Kg2 Rd8 34. Ra5 Rd6 35. Re2 Bf6 36. Re8 Rbd7 37. Ne5 Re7 38. Rxe7+ Bxe7 39. Ra7 Kf8 40. Kf3 g5 41. Ra5 Kg7 42. Nc4 Rf6 43. Ra7 Re6 44. Ne3 Kg6 45. Ra5 Rf6 46. Rd5 Rf7 47. Nc4 Bf6 48. Rd6 Kg7 49. Rc6 Rd7 50. Nd6 gxf4 51. Kxf4 Bg5+ 52. Kxf5 Bd2 53. f4 Kh7 54. Ne4 Rd5+ 55. Kg4 Kg7 56. Rc7+ Kf8 57. Rh7 Be1 58. Rxh6 Rd3 59. Rg6 Re3 60. Kf5 Ra3 61. Rg4 Ra5+ 62. Kg6 Ra6+ 63. Kh5 Ra4 64. Ng5 Ra3 65. Kh4 Re3 66. Kh3 Ke7 67. Kg2 Kf6 68. Nf3 Bb4 69. Rg5 Re4 70. Kh3 Re3 71. Kg4 Bc3 72. Rc5 Kf7 73. Rc6 Kf8 74. Nh4 Be1 75. Nf5 Rb3 76. Re6 Bf2 77. Re2 Bb6 78. Nd6 Rd3 79. Ne4 Rd4 80. Kf3 Ra4 81. Kg2 Bd4 82. Nd6 Ra8 83. g4 Bc5 84. Re6 Bb4 85. g5 Rd8 86. Rf6+ Kg8 87. Nf5 Rd7 88. Rf7 1-0

[Event "Saint Louis Masters op"]
[Site "Saint Louis"]
[Date "2024.12.04"]
[Round "4"]
[White "Abrahamyan, Tatev"]
[Black "Ostrovskiy, Aleksandr A"]
[Result "0-1"]
[WhiteElo "2304"]
[BlackElo "2409"]
[PlyCount "114"]
[EventDate "2024.12.03"]
[EventType "swiss"]
[EventRounds "9"]
[EventCountry "USA"]
[SourceTitle "CB50_2024"]
[SourceDate "2024.11.01"]
[SourceVersion "1"]
[SourceVersionDate "2024.11.01"]
[SourceQuality "2"]

1. e4 c6 2. d4 d5 3. e5 Bf5 4. c4 e6 5. Nc3 Bb4 6. cxd5 cxd5 7. Qa4+ Nc6 8. Bb5 Bxc3+ 9. bxc3 Nge7 10. Ba3 a6 11. Be2 b5 12. Qb3 Na5 13. Qd1 Nc4 14. Bc5 Nb2 15. Qd2 Na4 16. Ba3 Rc8 17. Rc1 h6 18. h4 Qa5 19. Bb4 Qc7 20. Nh3 Nb6 21. a4 Nxa4 22. Nf4 Nc6 23. Bd6 Qb6 24. g4 Be4 25. f3 Na5 26. Nh5 Nb3 27. Nxg7+ Kd7 28. Qf4 Nxc1 29. Qxf7+ Kc6 30. fxe4 Nxe2 31. exd5+ exd5 32. Nf5 Rhe8 33. Kxe2 Nxc3+ 34. Ke3 b4 35. Bc5 Rxe5+ 36. Kf3 Rxf5+ 37. gxf5 Qb5 38. Re1 Qd3+ 39. Kg4 h5+ 40. Kf4 Qd2+ 41. Kf3 Qxe1 42. Qg6+ Kb5 43. Qb6+ Kc4 44. Qxa6+ Kb3 45. Qxc8 Qe4+ 46. Kg3 Qe3+ 47. Kg2 Ne4 48. Qg8 Qf2+ 49. Kh3 Qxf5+ 50. Kg2 Qf2+ 51. Kh3 Qf3+ 52. Kh2 Kc4 53. Be7 Qf2+ 54. Kh3 Qe3+ 55. Kg2 Qe2+ 56. Kh3 Nf2+ 57. Kg3 Nh1+ 0-1

[Event "Saint Louis Masters op"]
[Site "Saint Louis"]
[Date "2024.12.03"]
[Round "1"]
[White "Batsuren, Dambasuren"]
[Black "Abrahamyan, Tatev"]
[Result "0-1"]
[WhiteElo "2531"]
[BlackElo "2304"]
[PlyCount "84"]
[EventDate "2024.12.03"]
[EventType "swiss"]
[EventRounds "9"]
[EventCountry "USA"]
[SourceTitle "CB50_2024"]
[SourceDate "2024.11.01"]
[SourceVersion "1"]
[SourceVersionDate "2024.11.01"]
[SourceQuality "2"]

1. c4 e6 2. g3 Nf6 3. Bg2 d5 4. Nf3 Be7 5. 0-0 0-0 6. b3 c6 7. Bb2 a5 8. Nc3 Nbd7 9. d4 b6 10. Nd2 Ba6 11. e4 dxc4 12. Nxc4 b5 13. Ne3 b4 14. Ne2 Rc8 15. Re1 Re8 16. Rc1 Bf8 17. Nc4 a4 18. Nf4 axb3 19. axb3 Nb6 20. Ne3 Nbd7 21. Rc2 Bb5 22. Rd2 Qc7 23. Nh5 Nxh5 24. Qxh5 Ra8 25. d5 e5 26. d6 Qb7 27. Bh3 Ra2 28. Red1 c5 29. Nd5 g6 30. Qf3 Bg7 31. Ne7+ Kf8 32. Be6 Nf6 33. Bxe5 Rxd2 34. Rxd2 Qxe4 35. Qxe4 Nxe4 36. d7 Nxd2 37. Bxg7+ Kxg7 38. dxe8Q Bxe8 39. Bd5 Bd7 40. f4 Kf8 41. Nc6 Bxc6 42. Bxc6 c4 0-1

[Event "Swiss Queens Wed #34"]
[Site "FIDE Online Arena INT"]
[Date "2024.09.18"]
[Round "5"]
[White "Abrahamyan, Tatev"]
[Black "Bashirli, Saadat"]
[Result "0-1"]
[WhiteElo "2327"]
[BlackElo "1894"]
[PlyCount "236"]
[EventDate "2024.09.18"]
[EventType "swiss (blitz)"]
[EventRounds "11"]
[EventCountry "NET"]
[SourceTitle "EXT 2025"]
[Source "ChessBase"]
[SourceDate "2024.10.14"]
[SourceVersion "1"]
[SourceVersionDate "2024.10.14"]
[SourceQuality "1"]

1. e4 c5 2. Nf3 Nc6 3. Nc3 g6 4. d4 cxd4 5. Nxd4 Bg7 6. Be3 Nf6 7. Bc4 0-0 8. Bb3 a5 9. 0-0 Nxd4 10. Bxd4 d6 11. a4 Bd7 12. Qe2 Bc6 13. Rad1 Nd7 14. Bxg7 Kxg7 15. Bc4 Nc5 16. Bb5 Bxb5 17. Qxb5 Rb8 18. e5 Ne6 19. exd6 exd6 20. Ne4 Qh4 21. Nxd6 Qf4 22. g3 Qf3 23. Rd3 Qg4 24. f3 Qh3 25. Re1 h6 26. Qe5+ Kg8 27. Ne4 Ng7 28. Nf6+ Kh8 29. Rd7 Rbe8 30. Nxe8 Rxe8 31. Re7 Rf8 32. Qf6 Kg8 33. Rxb7 Qc8 34. Ree7 Qc5+ 35. Kf1 Qc4+ 36. Re2 Nf5 37. Qc3 Qd5 38. Rb5 Qd1+ 39. Re1 Qd6 40. Qd3 Qf6 41. Rxa5 Rd8 42. Rd5 Rc8 43. c3 h5 44. a5 h4 45. g4 Ng7 46. Qd4 Qxf3+ 47. Kg1 h3 48. Qd2 Qxg4+ 49. Kf1 Qf3+ 50. Kg1 Qg4+ 51. Kf2 Rc4 52. Rd4 Qf5+ 53. Ke2 Rc6 54. Qd3 Re6+ 55. Kd2 Qg5+ 56. Re3 Nf5 57. Rde4 Nxe3 58. Rxe3 Rxe3 59. Qxe3 Qg2+ 60. Qe2 Qd5+ 61. Kc2 Qxa5 62. c4 Qa4+ 63. Kb1 Qb3 64. c5 Qb4 65. Qc2 Qf4 66. c6 Qc7 67. b4 g5 68. Kb2 g4 69. Kb3 g3 70. hxg3 Qxg3+ 71. Ka4 h2 72. c7 Qxc7 73. Qxc7 h1Q 74. Qc8+ Kg7 75. Qg4+ Kh7 76. Qf5+ Kg7 77. b5 Qa1+ 78. Kb4 Qb2+ 79. Kc5 Qc3+ 80. Kb6 Qd4+ 81. Kb7 Qb4 82. b6 Qe7+ 83. Ka6 Qa3+ 84. Kb7 Qe7+ 85. Kb8 Qd8+ 86. Qc8 Qxb6+ 87. Ka8 Qa5+ 88. Kb8 Qe5+ 89. Kb7 Qe4+ 90. Kb6 Qb4+ 91. Ka6 Qa3+ 92. Kb5 Qb3+ 93. Ka5 Qa2+ 94. Kb5 Qe2+ 95. Kb4 Qe4+ 96. Kb5 Kg6 97. Qg8+ Kf6 98. Qh8+ Kg5 99. Qg8+ Qg6 100. Qd8+ Kh5 101. Qh8+ Kg4 102. Qd4+ Kg5 103. Qe3+ Kh5 104. Qh3+ Kg5 105. Qg3+ Kf6 106. Qd6+ Kg7 107. Qd4+ Kh7 108. Qh4+ Qh6 109. Qe4+ Kg7 110. Qg4+ Qg6 111. Qd4+ Kh6 112. Qh8+ Kg5 113. Qd8+ f6 114. Kc5 Qf5+ 115. Kd4 Kg4 116. Qg8+ Kf4 117. Qb8+ Qe5+ 118. Qxe5+ fxe5+ 0-1

[Event "Swiss Queens Wed #34"]
[Site "FIDE Online Arena INT"]
[Date "2024.09.18"]
[Round "1"]
[White "Abrahamyan, Tatev"]
[Black "Marochkina, Yaroslava"]
[Result "1-0"]
[WhiteElo "2327"]
[BlackElo "1872"]
[PlyCount "55"]
[EventDate "2024.09.18"]
[EventType "swiss (blitz)"]
[EventRounds "11"]
[EventCountry "NET"]
[SourceTitle "EXT 2025"]
[Source "ChessBase"]
[SourceDate "2024.10.14"]
[SourceVersion "1"]
[SourceVersionDate "2024.10.14"]
[SourceQuality "1"]

1. e4 c6 2. d4 d5 3. Nc3 dxe4 4. Nxe4 Nf6 5. Nxf6+ exf6 6. c3 Bd6 7. Bd3 0-0 8. Ne2 Re8 9. Qc2 h5 10. Be3 h4 11. 0-0-0 Na6 12. h3 Be6 13. Kb1 Nc7 14. c4 b5 15. d5 cxd5 16. c5 Be5 17. f4 b4 18. fxe5 fxe5 19. Bf5 d4 20. Bc1 Bd5 21. Be4 b3 22. axb3 Rb8 23. Bxd5 Nxd5 24. Bd2 e4 25. Nxd4 e3 26. Bc3 Nb4 27. Bxb4 Rxb4 28. Nc6 1-0

[Event "Swiss Queens Wed #34"]
[Site "FIDE Online Arena INT"]
[Date "2024.09.18"]
[Round "3"]
[White "Abrahamyan, Tatev"]
[Black "Shukhman, Anna"]
[Result "0-1"]
[WhiteElo "2327"]
[BlackElo "2163"]
[PlyCount "72"]
[EventDate "2024.09.18"]
[EventType "swiss (blitz)"]
[EventRounds "11"]
[EventCountry "NET"]
[SourceTitle "EXT 2025"]
[Source "ChessBase"]
[SourceDate "2024.10.14"]
[SourceVersion "1"]
[SourceVersionDate "2024.10.14"]
[SourceQuality "1"]

1. e4 c5 2. Nf3 d6 3. d4 cxd4 4. Nxd4 Nf6 5. Nc3 g6 6. Be3 Nc6 7. f3 h5 8. Bc4 Bg7 9. Qd2 Bd7 10. 0-0-0 Na5 11. Bb3 Rc8 12. Kb1 Nc4 13. Bxc4 Rxc4 14. h4 a6 15. Nd5 Nxd5 16. exd5 0-0 17. b3 Rc5 18. Ne2 Rc8 19. Bh6 Bf5 20. Rc1 Bxh6 21. Qxh6 Qa5 22. Nd4 Qxd5 23. Qe3 Qe5 24. Qd2 Bd7 25. g4 hxg4 26. fxg4 Bxg4 27. Rce1 Qd5 28. Rhg1 Bh5 29. Rxe7 Rfe8 30. Rg5 Qh1+ 31. Kb2 Rxe7 32. Rxh5 Qe1 33. Qh6 Qc3+ 34. Ka3 gxh5 35. Nf5 Qa5+ 36. Kb2 Qxf5 0-1

[Event "Swiss Queens Wed #33"]
[Site "FIDE Online Arena INT"]
[Date "2024.09.11"]
[Round "1"]
[White "Abrahamyan, Tatev"]
[Black "Kaldarova, Ayaulym"]
[Result "1-0"]
[WhiteElo "2327"]
[BlackElo "2231"]
[PlyCount "43"]
[EventDate "2024.09.11"]
[EventType "swiss (blitz)"]
[EventRounds "11"]
[EventCountry "NET"]
[SourceTitle "EXT 2025"]
[Source "ChessBase"]
[SourceDate "2024.10.14"]
[SourceVersion "1"]
[SourceVersionDate "2024.10.14"]
[SourceQuality "1"]

1. e4 e6 2. d4 d5 3. Nc3 Nf6 4. exd5 exd5 5. Bg5 Be7 6. Qd2 Bf5 7. 0-0-0 Nc6 8. Bd3 Bxd3 9. Qxd3 0-0 10. Nf3 Nb4 11. Qf5 Ne4 12. Bxe7 Qxe7 13. Nxd5 Nxd5 14. Qxd5 c6 15. Qf5 g6 16. Qf4 Qe6 17. Rhe1 Rae8 18. Ng5 Qxa2 19. Nxe4 Qa1+ 20. Kd2 Qa5+ 21. c3 f5 22. Nf6+ 1-0